000 00553nam a2200169 a 4500
001 000021719
005 20200930011425.0
008 100910s1965 dr 000 0 spa d
040 _aDO-SdBNP
_bspa
_cBNPHU
082 _axxx
_bG216p
100 1 _aGarcía Aybar, José E.
_936120
245 1 3 _aEl presente y futuro de la industria azucarera dominicana /
_cJosé E. García Aybar.
260 _aSanto Domingo :
_bArte y Cine,
_c1965.
300 _a31 p. ;
_c24 cm.
710 2 _aAsociación de Industria de la República Dominicana
_945159
049 _aBNPD
999 _c21218
_d21218